[Event "TUR-chT 1st League"]
[Site "Konya"]
[Date "2018.07.19"]
[Round "6.3"]
[White "Nalbant, Tuna Onat"]
[Black "Abit, Umut"]
[Result "1/2-1/2"]
[WhiteElo "2340"]
[BlackElo "1945"]
[PlyCount "270"]
[EventDate "2018.07.16"]
[EventType "team-swiss"]
[EventRounds "9"]
[EventCountry "TUR"]
[SourceTitle "EXT 2019"]
[Source "ChessBase"]
[SourceDate "2018.10.10"]
[SourceVersion "1"]
[SourceVersionDate "2018.10.10"]
[SourceQuality "1"]
[WhiteTeam "Manisa Turkuaz"]
[BlackTeam "Kahramanmaras CC"]
[WhiteTeamCountry "TUR"]
[BlackTeamCountry "TUR"]

1. e4 c5 2. Nf3 e6 3. d4 cxd4 4. Nxd4 Nf6 5. f3 a6 6. c4 Nc6 7. Nc3 Bc5 8. Be3 Qb6 9. Na4 Qa5+ 10. Bd2 Bb4 11. Nxc6 dxc6 12. Nc3 Qc7 13. Qe2 e5 14. Qf2 0-0 15. a3 Be7 16. Be3 b5 17. Rc1 Qb8 18. Be2 Be6 19. 0-0 Qb7 20. b4 Rfd8 21. Qg3 Nd7 22. c5 a5 23. Nxb5 axb4 24. axb4 Ra2 25. Nc3 Rb2 26. b5 Bxc5 27. Bxc5 Nxc5 28. Qxe5 Nb3 29. Rcd1 Qb6+ 30. Kh1 Rbd2 31. Rxd2 Nxd2 32. Rd1 cxb5 33. Nd5 Bxd5 34. exd5 Nc4 35. Bxc4 bxc4 36. d6 g6 37. d7 Qe6 38. Qc5 Kg7 39. Qd4+ Kg8 40. h3 h5 41. Qc5 Kg7 42. Rd6 Qe1+ 43. Kh2 h4 44. Qd4+ Kh7 45. Qf4 Qe7 46. Rd4 c3 47. Qxh4+ Qxh4 48. Rxh4+ Kg7 49. Rc4 Rxd7 50. Rxc3 f5 51. h4 Rd4 52. Kh3 Kf6 53. Rc6+ Kg7 54. Rc5 Kf6 55. Rc7 Rb4 56. Rh7 Rb1 57. Kg3 Rb4 58. h5 gxh5 59. Rxh5 Kg6 60. Rh4 Rb1 61. Ra4 Rb6 62. Kf4 Rc6 63. Ra8 Rc4+ 64. Ke5 Rc5+ 65. Ke6 Rc6+ 66. Ke5 Rc5+ 67. Kf4 Rc4+ 68. Ke5 Rc5+ 69. Kd4 Rc2 70. Rg8+ Kf7 71. Rg3 Re2 72. Kd3 Re1 73. Kd2 Re6 74. Rh3 Kg6 75. Rh1 Kg5 76. g3 Re8 77. Re1 Rd8+ 78. Ke3 Ra8 79. Kf2 Ra3 80. Kg2 Rc3 81. Re5 Kf6 82. Ra5 Rb3 83. Ra6+ Kg5 84. f4+ Kh5 85. Ra8 Kg6 86. Rg8+ Kf6 87. Rf8+ Kg6 88. Kh3 Rb1 89. Rd8 Rh1+ 90. Kg2 Rb1 91. Rd6+ Kf7 92. Ra6 Rc1 93. Ra5 Kg6 94. Re5 Rb1 95. Re6+ Kf7 96. Re2 Kf6 97. Kh3 Rh1+ 98. Rh2 Rg1 99. Rf2 Rh1+ 100. Kg2 Rb1 101. Ra2 Rc1 102. Ra8 Rb1 103. Rf8+ Kg6 104. Rg8+ Kf6 105. Kf2 Rb2+ 106. Ke3 Rb3+ 107. Kd4 Rb4+ 108. Kc5 Rb2 109. Rf8+ Ke6 110. Kd4 Rb3 111. Re8+ Kf6 112. Re3 Rb8 113. Ra3 Rd8+ 114. Ke3 Rd1 115. Kf3 Rf1+ 116. Kg2 Rb1 117. Ra6+ Kf7 118. Rh6 Kg7 119. Rh1 Rb2+ 120. Kh3 Rb8 121. Ra1 Rh8+ 122. Kg2 Kf6 123. Ra6+ Kf7 124. g4 fxg4 125. Kg3 Rg8 126. Rh6 Rg6 127. Rh4 Kf6 128. Rxg4 Rxg4+ 129. Kxg4 Kg6 130. f5+ Kf6 131. Kf4 Kf7 132. Ke5 Ke7 133. f6+ Kf7 134. Kf5 Kf8 135. Kg6 Kg8 1/2-1/2

[Event "TUR-chT 1st League"]
[Site "Konya"]
[Date "2018.07.18"]
[Round "4.6"]
[White "Paksoy, Nail"]
[Black "Abit, Umut"]
[Result "1/2-1/2"]
[WhiteElo "2129"]
[BlackElo "1945"]
[PlyCount "64"]
[EventDate "2018.07.16"]
[EventType "team-swiss"]
[EventRounds "9"]
[EventCountry "TUR"]
[SourceTitle "EXT 2019"]
[Source "ChessBase"]
[SourceDate "2018.10.10"]
[SourceVersion "1"]
[SourceVersionDate "2018.10.10"]
[SourceQuality "1"]
[WhiteTeam "Varyant Genclik"]
[BlackTeam "Kahramanmaras CC"]
[WhiteTeamCountry "TUR"]
[BlackTeamCountry "TUR"]

1. d4 Nf6 2. c4 g6 3. Nc3 Bg7 4. e4 d6 5. Nf3 0-0 6. Be2 Nbd7 7. 0-0 e5 8. d5 Nc5 9. Qc2 a5 10. Ne1 Ne8 11. Be3 b6 12. Nd3 f5 13. f3 f4 14. Bf2 g5 15. a3 h5 16. b4 axb4 17. axb4 Rxa1 18. Rxa1 Nxd3 19. Qxd3 Qe7 20. Ra7 Bd7 21. c5 dxc5 22. bxc5 bxc5 23. Qc4 Rf7 24. Bxc5 Qf6 25. Qb3 g4 26. d6 Nxd6 27. Rxc7 Be6 28. Qb8+ Nc8 29. Rxc8+ Bxc8 30. Bc4 Qc6 31. Bxf7+ Kxf7 32. Qa7+ Qd7 1/2-1/2